Diaspora africaine - 10 premiers pays - Statistiques

Statistiques générales
  • Ce quiz a été pris 1 617 fois
  • Le résultat moyen est 7 sur 10
Statistiques - réponses
# % Pays % Correct
4,26 mil 6,5 France
98%
48,7 mil 14,8 Etats-Unis
97%
108 mil 50,7 Brésil
84%
2,00 mil 3,0 Royaume-Uni
82%
1,59 mil 1,2 Mexique
72%
5,18 mil 10,4 Colombie
55%
11,2 mil 99,9 Haïti
46%
4,13 mil 35,9 Cuba
45%
2,68 mil 92,1 Jamaïque
41%
9,21 mil 83,8 République dominicaine
38%
Aucun quiz correspondant
Distribution des résultats
% des personnes avec chaque résultat
Percentile par nombre de réponses
Votre historique - résultats
Vous n’avez pas pris ce quiz